<An> admissible monetary aggregate for the United Kingdom.
Vyhodnotenie výkonu peňažného agregátu, ktorý je konštruovaný na základe ekonomickej teórie a teórie indexových čísiel. Obchodné depozity by sa nemali agregovať. Výsledky, platné pre Spojené Kráľovstvo.
Uložené v:
| Hlavný autor: | |
|---|---|
| Ďalší autori: | |
| Médium: | Kapitola |
| Jazyk: | English |
| Predmet: | |
| Tagy: |
Žiadne tagy, Buďte prvý, kto otaguje tento záznam!
|
MARC
| LEADER | 00000naa a2200000 4500 | ||
|---|---|---|---|
| 001 | r007671 | ||
| 005 | 20221213084513.1 | ||
| 041 | 0 | |a eng | |
| 044 | |a US | ||
| 245 | 1 | 0 | |a <An> admissible monetary aggregate for the United Kingdom. |c M.T. Belongia, K.A. Chrystal |
| 520 | |a Vyhodnotenie výkonu peňažného agregátu, ktorý je konštruovaný na základe ekonomickej teórie a teórie indexových čísiel. Obchodné depozity by sa nemali agregovať. Výsledky, platné pre Spojené Kráľovstvo. | ||
| 610 | 2 | 0 | |a politika peňažná |
| 610 | 2 | 0 | |a Veľká Británia |
| 610 | 2 | 0 | |a produkt domáci hrubý |
| 610 | 2 | 0 | |a ceny |
| 610 | 2 | 0 | |a mena |
| 610 | 2 | 0 | |a agregácia |
| 610 | 2 | 0 | |a testy |
| 610 | 2 | 0 | |a metódy matematicko-štatistické |
| 610 | 2 | 0 | |a peniaze |
| 610 | 2 | 0 | |a dopyt |
| 610 | 2 | 0 | |a agregáty menové |
| 100 | 1 | |a Belongia, M.T. | |
| 700 | 1 | |a Chrystal, K.A. | |